000 00772cam a2200277 4500
001 M2190
008 090401t1996 xxu||||| |||| 00| 0 eng d
035 _a(Sirsi) u37063
041 _aeng
050 _a333.332
090 _aRICS 1996/78A
110 _aRoyal Institution of Chartered Surveyors
_94900
245 _aRICS appraisal and valuation manual. Amendment 4 - September 1996
260 _aLondon
_bRICS
_c1996
300 _aca.15 sheets ; 30cm.
350 _a0
520 _aMinor amendments.
650 _aAMENDMENTS 4
650 _aAPPRAISAL AND VALUATION MANUAL
650 _aRED AND WHITE BOOK
650 _aRICS APPRAISAL AND VALUATION MANUAL
650 _aWHITE BOOK
690 _aRATING AND VALUATION
942 _n0
948 _c04/03/1997
999 _c90428
_d90428